header

Starting with Leibniz (Record no. 234215)

MARC details
000 -LEADER
fixed length control field 01220nam a2200337 a 4500
082 04 - DEWEY DECIMAL CLASSIFICATION NUMBER
Classification number 193
100 1# - MAIN ENTRY--AUTHOR NAME
Personal name Woolhouse, R. S.
245 10 - TITLE STATEMENT
Title Starting with Leibniz
260 ## - PUBLICATION, DISTRIBUTION, ETC. (IMPRINT)
Place of publication London :
Name of publisher Continuum,
Year of publication c2010.
300 ## - PHYSICAL DESCRIPTION
Number of Pages viii, 164 p.
490 1# - SERIES STATEMENT
Series statement Starting with
856 40 - ELECTRONIC LOCATION AND ACCESS
Uniform Resource Identifier http://site.ebrary.com/lib/rucke/Doc?id=10432526

No items available.

© 2026 Rongo University
Contact us: librarian | system librarian | Rongo university